00242nam a2200097Ia 4500008004100000082001500041100003000056245002700086260001900113600001200132241002s9999 xx 000 0 und d a954.91 PIR aPirzada, Syed Sharifuddin 0aFoundation of Pakistan aKarachi:c1969 aHistory